Broadway Show by Costume Quiz Stats

Quiz Updated Apr 26, 2016

Score 0/24 Timer 06:00
15 Plays Today
% Correct
Cats
99.1%
The Phantom of the Opera
98.3%
The Lion King
96.3%
Les Misérables
86.8%
Chicago
85.1%
Beauty and the Beast
82.3%
Wicked
81.8%
The King and I
78.3%
The Book of Mormon
78%
Fiddler on the Roof
77.8%
Hamilton
71.3%
Newsies
68.6%
% Correct
Aladdin
68.1%
Kinky Boots
61.8%
My Fair Lady
60.1%
Evita
59.1%
Dreamgirls
58.1%
The Sound of Music
54.5%
Cabaret
54.1%
The Wiz
51.8%
Monty Python's Spamalot
48.8%
South Pacific
36.1%
Camelot
33.6%
Thoroughly Modern Millie
30.7%

You're not logged in!

Compare scores with friends on all Sporcle quizzes.
Join for Free
OR
Log In

You Might Also Like...

Show Comments

Extras

Top Quizzes Today


Score Distribution

Your Account Isn't Verified!

In order to create a playlist on Sporcle, you need to verify the email address you used during registration. Go to your Sporcle Settings to finish the process.

Report this User

Report this user for behavior that violates our Community Guidelines.

Details: